000 00631nam a2200205Ia 4500
008 140925s9999 xx 000 0 und d
020 _a1097-0053
100 _aMunter, Paul.
245 _aJournal of corporate accounting & finance /
_cPaul Munter.
_h[electronic resource]
260 _bJohn Wiley & Sons, Inc.,
_cc2014.
516 _aElectronic text
650 _aAccountancy.
650 _aCorporate Accounting.
650 _aFinance.
650 _aJournal.
830 _aJohn Wiley & Sons, Inc.
856 _uhttp://onlinelibrary.wiley.com/journal/10.1002/%28ISSN%291097-0053
942 _cEJ
999 _c275784
_d275784